[Event "Udine Tre Circoli op"]
[Site "Udine"]
[Date "2012.02.11"]
[Round "3"]
[White "Marziali, Giulio"]
[Black "Russotto, Gioele"]
[Result "1/2-1/2"]
[WhiteElo "1502"]
[BlackElo "1404"]
[PlyCount "51"]
[EventDate "2012.01.21"]
[EventType "swiss"]
[EventRounds "7"]
[EventCountry "ITA"]
[SourceTitle "EXT 2014"]
[Source "ChessBase"]
[SourceDate "2013.11.20"]
[SourceVersion "1"]
[SourceVersionDate "2013.11.20"]
[SourceQuality "1"]

1. d4 d5 2. c4 dxc4 3. e4 e6 4. Bxc4 Nf6 5. Nc3 Bb4 6. Bg5 Be7 7. Nf3 b6 8. 0-0 Bb7 9. Qc2 h6 10. Bh4 0-0 11. Rad1 Nfd7 12. Bg3 Nf6 13. a3 Nh5 14. Ba2 Nxg3 15. fxg3 Nd7 16. Bb1 Re8 17. g4 Ba6 18. e5 Nf8 19. Rf2 Qc8 20. b4 c5 21. d5 exd5 22. Nxd5 cxb4 23. axb4 Qxg4 24. Qc7 Bd8 25. Qd6 Qe6 26. Qxe6 1/2-1/2